Statistiques concernant Noms de personnes célèbres par éléments chimiques n°4

Cliquez ici pour prendre le quiz!

Statistiques générales

  • Ce quiz a été pris 188 fois
  • Le résultat moyen est 4 sur 5

Statistiques - réponses

IndicesEléments chimiquesPersonnages% Correct
Chef cuisinierBore-Oxygène-Carbone-Uranium-SéléniumPaul Bocuse
96%
PrésidentPolonium-Uranium-Titane-NéonVladimir Poutine
93%
ActeurGallium-Bismuth-AzoteJean Gabin
88%
EmpereurAzote-Erbium-Oxygène-AzoteNéron
85%
ChanteurPotassium-Astate-Erbium-Iode-NéonPhilippe Katerine
73%

Distribution des résultats

Percentile par nombre de réponses

% des personnes avec chaque résultat

Votre développement - résultats

Vous n’avez pas pris ce quiz